[Event "MMaS_2014_U14"]
[Site "?"]
[Date "2014.10.28"]
[Round "7.11"]
[White "Kriz, Vojtech"]
[Black "Novak, Jan"]
[Result "1-0"]
[WhiteElo "1464"]
[BlackElo "1279"]
[PlyCount "47"]
[EventDate "2014.10.25"]

1. e4 e5 2. Nf3 Nc6 3. d4 exd4 4. Nxd4 Bc5 5. Be3 d6 6. Nxc6 bxc6 7. Bxc5 dxc5
8. Qxd8+ Kxd8 9. Nc3 Nf6 10. O-O-O+ Bd7 11. Bc4 Ke7 12. f3 Be6 13. Bxe6 Kxe6
14. Rd2 Rab8 15. Rhd1 Rb7 16. Na4 Rb5 17. c4 Ra5 18. b3 Rb8 19. Rd8 Rb7 20. Kc2
Nh5 21. g3 Nf6 22. R1d2 g6 23. Rc8 Nd7 24. Re8+ 1-0

[Event "MMaS_2014_U14"]
[Site "?"]
[Date "2014.10.28"]
[Round "7.12"]
[White "Prokop, Martin"]
[Black "Londin, Simon"]
[Result "0-1"]
[WhiteElo "1292"]
[BlackElo "1535"]
[PlyCount "38"]
[EventDate "2014.10.25"]

1. e4 e5 2. Nf3 Nc6 3. d4 exd4 4. Nxd4 Nf6 5. Nc3 Bc5 6. Nb3 Bb6 7. Be2 d6 8.
O-O Be6 9. Bg5 h6 10. Bh4 g5 11. Bg3 h5 12. h3 Qd7 13. Bb5 h4 14. Bh2 g4 15.
hxg4 Bxg4 16. Qd2 Bf3 17. gxf3 Rg8+ 18. Kh1 Qh3 19. Rg1 Qxf3+ 0-1

[Event "MMaS_2014_U14"]
[Site "?"]
[Date "2014.10.28"]
[Round "8.1"]
[White "Jurasek, Vojtech"]
[Black "Klubal, Jiri"]
[Result "1-0"]
[WhiteElo "1722"]
[BlackElo "1524"]
[PlyCount "95"]
[EventDate "2014.??.??"]

1. d4 d5 2. c4 e6 3. Nc3 Nf6 4. Nf3 c5 5. e3 Nc6 6. a3 b6 7. cxd5 exd5 8. Bb5
Bb7 9. Qa4 Qc7 10. Ne5 Rc8 11. Qxa7 Bd6 12. Bxc6+ Bxc6 13. Qxc7 Rxc7 14. Nxc6
Rxc6 15. Nb5 Kd7 16. Nxd6 Kxd6 17. f3 cxd4 18. exd4 Rc2 19. O-O Re8 20. Bf4+
Kd7 21. Rf2 Ree2 22. Rxe2 Rxe2 23. b4 Ne8 24. a4 Nc7 25. a5 bxa5 26. bxa5 Re8
27. a6 Ra8 28. a7 Ne6 29. Bb8 Nd8 30. Ra5 Nc6 31. Rxd5+ Ke8 32. Re5+ Nxe5 33.
dxe5 Kd7 34. Kf2 Kc8 35. Ke3 Rxb8 36. axb8=Q+ Kxb8 37. Ke4 Kc7 38. Kd5 Kd7 39.
f4 g6 40. g4 h5 41. gxh5 gxh5 42. f5 h4 43. h3 Ke7 44. Kc6 Kd8 45. Kd6 Ke8 46.
Kc7 Ke7 47. Kc8 Ke8 48. f6 1-0

[Event "MMaS_2014_U14"]
[Site "?"]
[Date "2014.10.28"]
[Round "8.2"]
[White "Chwistek, Karel"]
[Black "Glozar, Petr"]
[Result "1-0"]
[WhiteElo "1695"]
[BlackElo "1813"]
[PlyCount "75"]
[EventDate "2014.??.??"]

1. e4 c5 2. Nc3 Nc6 3. f4 g6 4. Nf3 Bg7 5. Bc4 e6 6. f5 Nge7 7. fxe6 fxe6 8. d3
Nd4 9. O-O O-O 10. Nxd4 Bxd4+ 11. Kh1 Bg7 12. Bg5 h6 13. Rxf8+ Qxf8 14. Bh4 g5
15. Bg3 Nc6 16. Rb1 Nd4 17. Ne2 b5 18. Nxd4 bxc4 19. Nf3 cxd3 20. Qxd3 Qf7 21.
Bd6 Bb7 22. Bxc5 Qf4 23. Re1 d5 24. Qb5 Qc7 25. Bd6 Qxd6 26. Qxb7 Rb8 27. Qxa7
dxe4 28. Rxe4 Rxb2 29. c4 Qc6 30. Qe3 Rb1+ 31. Ne1 Bc3 32. Rxe6 Bxe1 33. Re8+
Kg7 34. Qe5+ Kf7 35. Re7+ Kg6 36. Re6+ Kh5 37. Qe2+ g4 38. Qe5+ 1-0

[Event "MMaS_2014_U14"]
[Site "?"]
[Date "2014.10.28"]
[Round "8.3"]
[White "Chlebek, Jan"]
[Black "Vraj, Karel"]
[Result "1/2-1/2"]
[WhiteElo "1643"]
[BlackElo "1767"]
[PlyCount "67"]
[EventDate "2014.??.??"]

1. e4 c5 2. Nf3 d6 3. d4 cxd4 4. Nxd4 Nf6 5. Nc3 g6 6. Be3 Bg7 7. f3 O-O 8. Bc4
Nc6 9. Qd2 Bd7 10. h4 a6 11. h5 Qc7 12. Bb3 Nxd4 13. Bxd4 e6 14. O-O-O b5 15.
g4 b4 16. Na4 Rab8 17. Qh2 Bxa4 18. Bxa4 Qe7 19. e5 Nd5 20. hxg6 Qg5+ 21. f4
Qxf4+ 22. Qxf4 Nxf4 23. gxh7+ Kh8 24. Rde1 Ng6 25. Ref1 Nxe5 26. Bxe5 Bxe5 27.
Rf3 Kg7 28. Rhf1 Rb7 29. Bc6 Rc7 30. Be4 a5 31. g5 Rh8 32. a3 d5 33. Bd3 bxa3
34. bxa3 1/2-1/2

[Event "MMaS_2014_U14"]
[Site "?"]
[Date "2014.10.28"]
[Round "8.4"]
[White "Pavlik, Vladimir"]
[Black "Sramek, Vojtech"]
[Result "1/2-1/2"]
[WhiteElo "1508"]
[BlackElo "1709"]
[PlyCount "38"]
[EventDate "2014.10.25"]

1. e4 d5 2. exd5 Qxd5 3. d4 Nf6 4. c4 Qd6 5. Nf3 Bg4 6. Be2 e6 7. O-O Be7 8. h3
Bh5 9. Nc3 c6 10. Be3 O-O 11. Qc2 Nbd7 12. Rac1 Rfd8 13. a3 Bg6 14. Bd3 Bxd3
15. Qxd3 Nf8 16. Qc2 Rac8 17. Ne5 Ng6 18. f4 Qc7 19. Qf2 b6 1/2-1/2

[Event "MMaS_2014_U14"]
[Site "?"]
[Date "2014.10.28"]
[Round "8.5"]
[White "Ochmyt, Jakub"]
[Black "Vraj, Ondrej"]
[Result "1-0"]
[WhiteElo "1585"]
[BlackElo "1843"]
[PlyCount "191"]
[EventDate "2014.10.25"]

1. d4 d5 2. Nc3 e6 3. e4 Nf6 4. Bg5 Be7 5. e5 Nfd7 6. Bxe7 Qxe7 7. Nf3 b6 8.
Be2 O-O 9. O-O c5 10. Nb5 Nc6 11. c3 a6 12. Nd6 c4 13. Qa4 b5 14. Qa3 Nb6 15.
b3 Bd7 16. bxc4 dxc4 17. Nd2 Nd5 18. Qb2 f6 19. f4 Na7 20. Bf3 Bc6 21. Bxd5
Bxd5 22. a4 g5 23. axb5 axb5 24. Qa3 gxf4 25. Rxf4 Nc8 26. Rg4+ Kh8 27. Qb2
Rxa1+ 28. Qxa1 Nxd6 29. exd6 Qxd6 30. Qa7 Rg8 31. Ne4 Bxe4 32. Rxe4 Qd5 33. Qf7
Rxg2+ 34. Kf1 Qf5+ 35. Kxg2 Qxe4+ 36. Kf2 Qc2+ 37. Kf1 Qf5+ 38. Ke1 Qe4+ 39.
Kf2 Qf4+ 40. Ke1 Qe3+ 41. Kf1 Qf3+ 42. Kg1 Qg4+ 43. Kf2 Qf4+ 44. Ke1 Qc1+ 45.
Ke2 Qc2+ 46. Kf1 Qc1+ 47. Ke2 Qb2+ 48. Kd1 Qa3 49. Qxf6+ Kg8 50. Qxe6+ Kf8 51.
Qf6+ Ke8 52. Qh8+ Ke7 53. Qxh7+ Ke8 54. Qh5+ Kd8 55. Qg5+ Ke8 56. Qxb5+ Kd8 57.
Qb8+ Kd7 58. Qb7+ Kd8 59. Qd5+ Ke8 60. Qb5+ Kd8 61. Qxc4 Qa1+ 62. Kc2 Qh1 63.
Qg8+ Kd7 64. Qf7+ Kd8 65. Qg8+ Kd7 66. Qg3 Qa1 67. Qg7+ Kd6 68. Qe5+ Kd7 69.
Qd5+ Ke7 70. h4 Qf1 71. h5 Qe2+ 72. Kb3 Qd1+ 73. Kc4 Qa1 74. Qb7+ Ke8 75. Qc6+
Kd8 76. Kd5 Qa3 77. Ke6 Qe7+ 78. Kf5 Qh7+ 79. Qg6 Qd7+ 80. Kg5 Qb5+ 81. Qf5 Qb3
82. Qf6+ Ke8 83. Qc6+ Ke7 84. Qc7+ Ke8 85. Qc8+ Ke7 86. h6 Qd5+ 87. Qf5 Qg2+
88. Kh5 Qh2+ 89. Kg6 Qd6+ 90. Kg7 Qg3+ 91. Qg6 Qxc3 92. Qf6+ Ke8 93. Qe5+ Kd7
94. h7 Qh3 95. h8=Q Qg4+ 96. Kf6 1-0

[Event "MMaS_2014_U14"]
[Site "?"]
[Date "2014.10.28"]
[Round "8.6"]
[White "Filip, Tomas"]
[Black "Dejmal, Ondrej"]
[Result "1-0"]
[WhiteElo "1780"]
[BlackElo "1501"]
[PlyCount "53"]
[EventDate "2014.10.25"]

1. e4 e5 2. Nf3 Nc6 3. Bb5 a6 4. Ba4 Nf6 5. d3 b5 6. Bb3 Be7 7. c3 O-O 8. O-O
Bb7 9. Re1 d5 10. exd5 Nxd5 11. Nxe5 Nxe5 12. Rxe5 c6 13. Bxd5 cxd5 14. d4 Bd6
15. Re1 Qh4 16. g3 Qh3 17. Qf3 Rfe8 18. Be3 f5 19. Nd2 Re7 20. Bf4 Rae8 21.
Rxe7 Bxe7 22. Re1 Kf7 23. Qe3 Bc6 24. Qe6+ Kf8 25. Qxc6 Kf7 26. Qe6+ Kf8 27.
Bd6 1-0

[Event "MMaS_2014_U14"]
[Site "?"]
[Date "2014.10.28"]
[Round "8.7"]
[White "Bauer, Miroslav"]
[Black "Zitny, Michal"]
[Result "0-1"]
[WhiteElo "1488"]
[BlackElo "1654"]
[PlyCount "68"]
[EventDate "2014.10.25"]

1. e4 c6 2. d4 d5 3. exd5 cxd5 4. c4 Nf6 5. Nc3 Nc6 6. Bg5 e6 7. Nf3 Be7 8. c5
b6 9. Bb5 Bd7 10. Bxc6 Bxc6 11. cxb6 Qxb6 12. Rb1 O-O 13. O-O Rfc8 14. Qd2 Qc7
15. Rfc1 Qb7 16. Rc2 Bd7 17. Rbc1 Qa6 18. Ne5 Bd8 19. Qe3 Be8 20. Qg3 Rxc3 21.
Qxc3 Ne4 22. Qd3 Qxd3 23. Nxd3 Bxg5 24. f4 Bf6 25. Rc8 Bxd4+ 26. Kf1 Rxc8 27.
Rxc8 Kf8 28. Rc7 Bb6 29. Rc2 Bb5 30. Rc8+ Ke7 31. Rh8 Bxd3+ 32. Ke1 Ba5+ 33.
Kd1 Nf2+ 34. Kc1 Kf6 0-1

[Event "MMaS_2014_U14"]
[Site "?"]
[Date "2014.10.28"]
[Round "8.8"]
[White "Kriz, Vojtech"]
[Black "Oplustil, David"]
[Result "1-0"]
[WhiteElo "1464"]
[BlackElo "1624"]
[PlyCount "55"]
[EventDate "2014.10.25"]

1. e4 c5 2. Nf3 d6 3. d4 cxd4 4. Nxd4 Nf6 5. Nc3 g6 6. Be3 Bg7 7. Bc4 O-O 8. f3
Nc6 9. Qd2 Bd7 10. O-O-O Rc8 11. Bb3 Ne5 12. h4 h5 13. g4 Nc4 14. Bxc4 Rxc4 15.
gxh5 Nxh5 16. Rhg1 Qa5 17. Rg5 b5 18. Rxh5 gxh5 19. Bh6 b4 20. Bxg7 Kxg7 21.
Nf5+ Bxf5 22. Qg5+ Kh7 23. Qxh5+ Kg7 24. Rg1+ Kf6 25. Nd5+ Ke5 26. Qxf5+ Kd4
27. Rd1+ Kc5 28. Ne3+ 1-0

[Event "MMaS_2014_U14"]
[Site "?"]
[Date "2014.10.28"]
[Round "8.9"]
[White "Budik, Pavel"]
[Black "Zelnitius, Albert"]
[Result "1-0"]
[WhiteElo "1616"]
[BlackElo "1381"]
[PlyCount "45"]
[EventDate "2014.10.25"]

1. e4 e5 2. Nc3 Nc6 3. f4 exf4 4. Nf3 d6 5. d4 Bg4 6. Bb5 a6 7. Bxc6+ bxc6 8.
Bxf4 d5 9. O-O Nf6 10. exd5 cxd5 11. Qe1+ Be7 12. Ne5 Bd7 13. Bg5 O-O 14. Bxf6
Bxf6 15. Nxd5 Bxe5 16. Qxe5 Re8 17. Qxc7 Bb5 18. Qxf7+ Kh8 19. Rf3 Bc4 20. Rg3
Rg8 21. Rh3 Qxd5 22. Qg6 Bd3 23. Rxh7# 1-0

[Event "MMaS_2014_U14"]
[Site "?"]
[Date "2014.10.28"]
[Round "8.10"]
[White "Barak, David"]
[Black "Nytra, Ondrej"]
[Result "1-0"]
[WhiteElo "1600"]
[BlackElo "1583"]
[PlyCount "125"]
[EventDate "2014.10.25"]

1. e4 e5 2. Nf3 Nc6 3. Bb5 a6 4. Bxc6 dxc6 5. O-O Bg4 6. d3 Nf6 7. h3 Bh5 8.
Nbd2 Bc5 9. Qe1 Qe7 10. b3 Bb4 11. g4 Nxg4 12. hxg4 Bxg4 13. Qe3 Bc3 14. Rb1
Qf6 15. Nh2 Bh5 16. Qg3 Qg6 17. Qxg6 fxg6 18. Ndf3 O-O 19. Kg2 h6 20. Bb2 Bxb2
21. Rxb2 Rae8 22. Kg3 g5 23. Ng4 Bxg4 24. Kxg4 Rf4+ 25. Kg3 Kf7 26. Rbb1 c5 27.
Rh1 Ke6 28. Rbf1 Ref8 29. Nd2 b5 30. f3 Kf6 31. Rh2 Kg6 32. Nb1 b4 33. Nd2 g4
34. Rhf2 Kg5 35. fxg4 Rxg4+ 36. Kh2 Rh4+ 37. Kg1 Rg4+ 38. Rg2 Rff4 39. Rff2
Rxf2 40. Kxf2 h5 41. Nf3+ Kf4 42. Rxg4+ hxg4 43. Ne1 g3+ 44. Kg2 g5 45. Nf3 c6
46. Nd2 Kg4 47. Nc4 Kf4 48. Nd6 Ke3 49. Kxg3 Kd2 50. Nc4+ Kxc2 51. Nxe5 Kb2 52.
Nc4+ Kxa2 53. e5 Kxb3 54. e6 Kc3 55. e7 Kxd3 56. Na5 c4 57. e8=Q c5 58. Qa4 c3
59. Qd1+ Ke3 60. Kg4 c4 61. Nxc4+ Ke4 62. Na5 Ke3 63. Kxg5 1-0

[Event "MMaS_2014_U14"]
[Site "?"]
[Date "2014.10.28"]
[Round "8.11"]
[White "Londin, Simon"]
[Black "Slesinger, David"]
[Result "1-0"]
[WhiteElo "1535"]
[BlackElo "1433"]
[PlyCount "53"]
[EventDate "2014.10.25"]

1. e4 e5 2. Nf3 Nc6 3. Bc4 Bc5 4. c3 Nf6 5. d4 exd4 6. cxd4 Bb4+ 7. Nc3 Nxe4 8.
O-O O-O 9. Qd3 Nxc3 10. bxc3 Be7 11. Qe4 d6 12. Re1 Bf6 13. d5 Ne7 14. Bg5 Bxg5
15. Nxg5 Ng6 16. Nf3 Bd7 17. Qd4 Bf5 18. h4 h5 19. Be2 Bg4 20. g3 Re8 21. Qd3
Qf6 22. Nd4 Bxe2 23. Rxe2 Ne5 24. Qb5 b6 25. f4 Ng4 26. Rxe8+ Rxe8 27. Qxe8+
1-0

[Event "MMaS_2014_U14"]
[Site "?"]
[Date "2014.10.28"]
[Round "8.12"]
[White "Suchanek, Krystof"]
[Black "Busos, Daniel"]
[Result "0-1"]
[WhiteElo "1509"]
[BlackElo "1121"]
[Annotator "Doe,John"]
[PlyCount "98"]
[EventDate "2014.10.25"]

1. e4 e5 2. Nf3 Nc6 3. d4 exd4 4. Bc4 Nf6 5. e5 Ne4 6. O-O d5 7. Bb5 Bd7 8.
Bxc6 Bxc6 9. Nxd4 Qd7 10. c3 O-O-O 11. a4 Bc5 12. b4 Be7 13. b5 h5 14. bxc6
bxc6 15. Be3 c5 16. Ne2 h4 17. f3 h3 18. g3 Ng5 19. Qd2 Qf5 20. Bxg5 Bxg5 21.
f4 Qe4 22. Rf2 Be7 23. Qd1 c4 24. Nd2 Qd3 25. Nf1 Qe4 26. Qb1 Bc5 27. Qxe4
Bxf2+ 28. Kxf2 dxe4 29. Nd4 c5 30. Nb5 Rd7 31. Nd6+ Kc7 32. Nd2 f6 33. N2xc4
fxe5 34. fxe5 Rf8+ 35. Ke2 Rf3 36. Nxe4 Rf5 37. Ned6 Rg5 38. Rf1 Kc6 39. Ke3
Kd5 40. Rd1+ Ke6 41. Rf1 Kd5 42. Kf4 Rg6 43. Kf5 Rh6 44. Rd1+ Kc6 45. Ke4 Rg6
46. Rf1 Rd8 47. Rf7 Rh8 48. Rb7 Rg4+ 49. Kd3 Kd5 {Dale necitelne.} 0-1

[Event "MMaS_2014_U16"]
[Site "?"]
[Date "2014.10.28"]
[Round "7.1"]
[White "Lojek, Marek"]
[Black "Danek, Daniel"]
[Result "1-0"]
[WhiteElo "1806"]
[BlackElo "1921"]
[PlyCount "121"]
[EventDate "2014.??.??"]

1. e4 c5 2. Nf3 Nc6 3. d4 cxd4 4. Nxd4 Nf6 5. Nc3 d6 6. Bc4 e5 7. Nb3 Bg4 8. f3
Be6 9. Nd5 Nxd5 10. Bxd5 Qb6 11. c4 a5 12. Qe2 Nb4 13. Be3 Qa6 14. a3 Nxd5 15.
cxd5 Bd7 16. Qxa6 Rxa6 17. Rc1 b5 18. Bd2 a4 19. Na1 Be7 20. Nc2 h6 21. Nb4 Ra8
22. Ke2 Bg5 23. Rc7 Bd8 24. Rb7 Rf8 25. Rc1 g5 26. Ke1 f5 27. Nc6 fxe4 28. fxe4
Rf7 29. Rxb5 Bxc6 30. Rxc6 Bc7 31. Rb7 Kd8 32. Be3 Ba5+ 33. Rb4 Bxb4+ 34. axb4
Kd7 35. Rc3 Rb8 36. Rc4 Rb5 37. Ke2 Rf8 38. Bd2 Ra8 39. Bc1 Rf8 40. Bd2 Rf6 41.
Rc6 g4 42. Ra6 h5 43. Ra7+ Kc8 44. Rh7 Rg6 45. Rxh5 g3 46. h4 Rf6 47. Rg5 Rf2+
48. Ke1 Rxg2 49. h5 Rh2 50. h6 g2 51. Kf2 Rb7 52. Rxg2 Rh4 53. Rg8+ Kc7 54.
Rg7+ Kb8 55. Rxb7+ Kxb7 56. Kg3 Rh1 57. Kg4 Kb6 58. Kg5 Kb5 59. Kg6 Rf1 60. h7
Rf8 61. Kg7 1-0

[Event "MMaS_2014_U16"]
[Site "?"]
[Date "2014.10.28"]
[Round "7.2"]
[White "Mrkus, Frantisek"]
[Black "Havelka, Ondrej"]
[Result "1/2-1/2"]
[WhiteElo "1757"]
[BlackElo "1766"]
[PlyCount "79"]
[EventDate "2014.??.??"]

1. e4 e6 2. d4 d5 3. Nc3 dxe4 4. Nxe4 Bd7 5. Bd3 Bc6 6. Nf3 Nd7 7. Qe2 Ngf6 8.
c3 Bxe4 9. Bxe4 Nxe4 10. Qxe4 c6 11. O-O Be7 12. Bf4 O-O 13. Rfe1 Qb6 14. b3
Rfe8 15. c4 c5 16. Rad1 Nf6 17. Qe5 Rad8 18. Qc7 cxd4 19. Qxb6 axb6 20. Bc7 Ra8
21. a4 Bb4 22. Re2 Bc5 23. Nxd4 e5 24. Nb5 e4 25. Bf4 Rad8 26. Rxd8 Rxd8 27.
Rd2 Rxd2 28. Bxd2 Ng4 29. h3 Bxf2+ 30. Kf1 e3 31. Bxe3 Bxe3 32. hxg4 Bc5 33.
Ke2 Kf8 34. Nc3 Ke7 35. Kf3 Ke6 36. Kf4 f6 37. Nd5 g6 38. Nc7+ Kd7 39. Nb5 Ke6
40. Ke4 1/2-1/2

[Event "MMaS_2014_U16"]
[Site "?"]
[Date "2014.10.28"]
[Round "7.3"]
[White "Bares, Jachym"]
[Black "Stepan, Patrik"]
[Result "0-1"]
[WhiteElo "1998"]
[BlackElo "1932"]
[PlyCount "84"]
[EventDate "2014.??.??"]

1. e4 c5 2. Nf3 e6 3. d4 cxd4 4. Nxd4 Nf6 5. Nc3 Nc6 6. Nxc6 bxc6 7. e5 Nd5 8.
Ne4 Qc7 9. f4 Qb6 10. c4 Bb4+ 11. Ke2 f5 12. Nf2 Ba6 13. Kf3 Ne7 14. Be3 Bc5
15. Bxc5 Qxc5 16. b3 g5 17. Qd6 g4+ 18. Ke2 Qb6 19. Nd3 Rd8 20. Qc5 Nd5 21.
Qxb6 Nc3+ 22. Ke3 axb6 23. Nb4 Bb7 24. Nc2 c5 25. Rg1 d5 26. g3 Ke7 27. Bg2 Rd7
28. Kd3 Ne4 29. cxd5 exd5 30. Ke2 d4 31. Bxe4 fxe4 32. Na3 Ba6+ 33. Nc4 Ke6 34.
Rgf1 Kf5 35. Kd1 Bxc4 36. bxc4 e3 37. Rb1 Ra8 38. Rb2 Rda7 39. Rxb6 Rxa2 40.
Re1 Ra1+ 41. Ke2 R8a2+ 42. Kd3 Rd2# 0-1

[Event "MMaS_2014_U16"]
[Site "?"]
[Date "2014.10.28"]
[Round "7.4"]
[White "Zajicek, Tomas"]
[Black "Sikora, Matous"]
[Result "1/2-1/2"]
[WhiteElo "1942"]
[BlackElo "1665"]
[PlyCount "36"]
[EventDate "2014.10.25"]

1. e4 e6 2. d4 d5 3. Nd2 Nf6 4. e5 Nfd7 5. Bd3 c5 6. c3 Nc6 7. Ne2 Qb6 8. Nf3
Be7 9. O-O O-O 10. Re1 f6 11. exf6 Nxf6 12. Ng3 cxd4 13. cxd4 Bd7 14. Bb1 Rac8
15. b3 Bb4 16. Re2 Bd6 17. Bb2 a5 18. a3 Ne7 1/2-1/2

[Event "MMaS_2014_U16"]
[Site "?"]
[Date "2014.10.28"]
[Round "7.6"]
[White "Procházka, Ludvík"]
[Black "Horváth, Tomáš"]
[Result "1/2-1/2"]
[WhiteElo "1798"]
[BlackElo "1656"]
[PlyCount "126"]
[EventDate "2014.10.25"]

1. e4 e5 2. Nf3 Nc6 3. Bc4 Nf6 4. Ng5 d5 5. exd5 Na5 6. Bb5+ c6 7. dxc6 bxc6 8.
Qf3 Bb7 9. Ba4 Be7 10. O-O O-O 11. Ne4 Nd5 12. d3 f5 13. Ng3 c5 14. Bb3 Kh8 15.
Bxd5 Bxd5 16. Qe2 Bd6 17. Nc3 Bc6 18. Qh5 Qd7 19. f4 g6 20. Qh3 Rab8 21. b3
exf4 22. Bxf4 Bxf4 23. Rxf4 g5 24. Rf2 Qg7 25. Nge2 f4 26. Qg4 Bd7 27. Qh5 Rf5
28. g4 Rf6 29. Qh3 Rh6 30. Qg2 Bc6 31. Qf1 f3 32. Rxf3 Bxf3 33. Qxf3 Qe5 34.
Qg3 Nc6 35. Rf1 Qxg3+ 36. Nxg3 Nd4 37. Nce4 Rh4 38. Rf7 Nxc2 39. Nf6 Rb6 40.
Nf5 Rxf6 41. Rxf6 Rxg4+ 42. Kf2 Rf4+ 43. Kg3 h5 44. Rh6+ Kg8 45. Rg6+ Kf7 46.
Rxg5 Rg4+ 47. Rxg4 hxg4 48. Kxg4 Nb4 49. Kg5 Nxd3 50. h4 Ne5 51. h5 Nd7 52. h6
Nf8 53. Nd6+ Kg8 54. Nc8 a6 55. Nd6 Nd7 56. Ne4 Kf7 57. h7 Kg7 58. Nf6 Nb6 59.
Kf5 a5 60. Ke5 a4 61. bxa4 Nxa4 62. a3 Nb6 63. Nd5 Nc4+ 1/2-1/2

[Event "MMaS_2014_U16"]
[Site "?"]
[Date "2014.10.28"]
[Round "7.9"]
[White "Nekarda, Jan"]
[Black "Kuchaø, Matìj"]
[Result "0-1"]
[WhiteElo "1575"]
[BlackElo "1940"]
[PlyCount "70"]
[EventDate "2014.10.25"]

1. e4 c5 2. Nf3 g6 3. d4 cxd4 4. Nxd4 Nc6 5. Be3 Nf6 6. Nc3 Bg7 7. f3 O-O 8.
Bc4 Qb6 9. Qd2 Nxe4 10. Nxc6 Qxc6 11. Nxe4 Qxc4 12. c3 d5 13. Nc5 b6 14. Nb3 e5
15. O-O-O Be6 16. Kb1 Rfc8 17. h4 Rab8 18. h5 a5 19. hxg6 fxg6 20. g4 Rb7 21.
Rh4 Rcc7 22. Qh2 Bh8 23. Nc1 Rf7 24. Rh1 d4 25. cxd4 exd4 26. Bg5 Qd5 27. Bd2
a4 28. Rh6 Bf5+ 29. Ka1 a3 30. Bb4 axb2+ 31. Qxb2 d3 32. Bc3 Bxc3 33. Qxc3 d2
34. Qe3 d1=Q 35. Rxg6+ Bxg6 0-1

[Event "MMaS_2014_U16"]
[Site "?"]
[Date "2014.10.28"]
[Round "7.11"]
[White "Skalsky, Alexandr"]
[Black "Husek, Martin"]
[Result "0-1"]
[WhiteElo "1767"]
[BlackElo "1883"]
[PlyCount "76"]
[EventDate "2014.10.25"]

1. e4 c5 2. Nf3 d6 3. d4 cxd4 4. Nxd4 Nf6 5. Nc3 g6 6. Be3 Bg7 7. f3 O-O 8. Qd2
Nc6 9. g4 Nxd4 10. Bxd4 Be6 11. h4 Qa5 12. h5 Rfc8 13. a3 Rab8 14. hxg6 fxg6
15. Be2 a6 16. Rh2 b5 17. g5 Nd7 18. Kf2 Nf8 19. Bxg7 Kxg7 20. Qd4+ Kg8 21. Nd5
Bxd5 22. Qxd5+ e6 23. Qxd6 Rd8 24. Qb4 Qb6+ 25. Kf1 Qe3 26. Bd3 Qxf3+ 27. Kg1
Qe3+ 28. Kh1 Rd4 29. Qd2 Qxd2 30. Rxd2 Rbd8 31. Rad1 e5 32. Kg2 Ne6 33. Kf2
Nxg5 34. Ke3 Kg7 35. Rf1 Nxe4 36. c3 Nxd2 37. cxd4 Nxf1+ 38. Bxf1 exd4+ 0-1

[Event "MMaS_2014_U16"]
[Site "?"]
[Date "2014.10.28"]
[Round "7.12"]
[White "Kovaøík, Matyáš"]
[Black "Kopcová, Ludmila"]
[Result "1-0"]
[WhiteElo "1854"]
[BlackElo "1674"]
[PlyCount "109"]
[EventDate "2014.10.25"]

1. e4 d6 2. d4 Nf6 3. Nc3 Nbd7 4. Nf3 e5 5. Bc4 Be7 6. O-O O-O 7. b3 c6 8. a4
b6 9. Bb2 Bb7 10. Bd3 h6 11. Ne2 Qc7 12. Ng3 Rfe8 13. Qd2 a6 14. a5 b5 15. c4
Rac8 16. Rfc1 Qb8 17. d5 bxc4 18. bxc4 cxd5 19. cxd5 Rxc1+ 20. Rxc1 Rc8 21. Ba3
Bd8 22. Rxc8 Bxc8 23. Qb4 Qxb4 24. Bxb4 Ne8 25. Nf5 Nc5 26. Nxe5 Bxf5 27. exf5
dxe5 28. Bxc5 Bxa5 29. Bxa6 Bc7 30. f3 Nd6 31. g4 f6 32. Bd3 Kh7 33. Kf2 h5 34.
Kg2 hxg4 35. fxg4 Nf7 36. h4 Bd6 37. Be3 Kg8 38. Kf3 Kf8 39. Ba6 Ke7 40. Bc8
Bb4 41. g5 fxg5 42. hxg5 Nd6 43. Be6 Ne8 44. Kg4 Kd6 45. Kh5 Bc3 46. Kg6 e4 47.
Bc1 Be5 48. Bf7 Kd7 49. Bxe8+ Kxe8 50. f6 gxf6 51. gxf6 Bd6 52. Bh6 Kd7 53. Kf5
e3 54. Bxe3 Bf8 55. Kg6 1-0

[Event "MMaS_2014_U16"]
[Site "?"]
[Date "2014.10.28"]
[Round "8.2"]
[White "Stepan, Patrik"]
[Black "Sigut, David"]
[Result "1-0"]
[WhiteElo "1932"]
[BlackElo "1540"]
[PlyCount "57"]
[EventDate "2014.??.??"]

1. d4 Nf6 2. c4 e5 3. dxe5 Ng4 4. Nf3 Nc6 5. Nc3 Ngxe5 6. e3 d6 7. Be2 Be6 8.
b3 Be7 9. Bb2 O-O 10. O-O Bf6 11. Nd4 Nxd4 12. exd4 Ng6 13. Ne4 Be7 14. d5 f5
15. Qd4 Rf6 16. Nxf6+ Bxf6 17. Qd2 Bd7 18. f4 c6 19. Bxf6 Qxf6 20. Bf3 Nh4 21.
Rae1 Kf8 22. Bh5 Qh6 23. Bd1 cxd5 24. cxd5 Rc8 25. g3 Ng6 26. Qb4 Ne7 27. Qxb7
Rd8 28. Qc7 Ke8 29. Rxe7+ 1-0

[Event "MMaS_2014_U16"]
[Site "?"]
[Date "2014.10.28"]
[Round "8.4"]
[White "Kuchaø, Matìj"]
[Black "Mrkus, František"]
[Result "0-1"]
[WhiteElo "1940"]
[BlackElo "1757"]
[PlyCount "37"]
[EventDate "2014.10.25"]

1. e4 e5 2. Nf3 Nc6 3. d4 exd4 4. Nxd4 Nf6 5. Nc3 Bb4 6. Nxc6 bxc6 7. Bd3 d5 8.
exd5 cxd5 9. O-O O-O 10. Bg5 c6 11. Qf3 Be7 12. h3 h6 13. Bh4 Nh7 14. Bxe7 Qxe7
15. Rfe1 Qb4 16. a3 Qb6 17. b4 Ng5 18. Qe2 Qd4 19. Ne4 0-1

[Event "MMaS_2014_U16"]
[Site "?"]
[Date "2014.10.28"]
[Round "8.5"]
[White "Horvath, Tomas"]
[Black "Bares, Jachym"]
[Result "0-1"]
[WhiteElo "1656"]
[BlackElo "1998"]
[PlyCount "56"]
[EventDate "2014.10.25"]

1. e4 e5 2. f4 exf4 3. Nf3 d5 4. exd5 Nf6 5. c4 c6 6. dxc6 Nxc6 7. d4 Bg4 8. d5
Bxf3 9. Qxf3 Nd4 10. Qd3 Bc5 11. Bxf4 O-O 12. Nc3 Re8+ 13. Kd1 Ng4 14. Qg3 h5
15. Bd3 Qd7 16. Re1 Rxe1+ 17. Kxe1 Nf5 18. Qh3 Re8+ 19. Kd2 g6 20. Bxf5 Qxf5
21. Qf3 g5 22. Bg3 Be3+ 23. Ke1 Qd3 24. Ne2 Qd2+ 25. Kf1 Qxb2 26. Rd1 Qc2 27.
Nf4 gxf4 28. Bxf4 Qxc4+ 0-1

[Event "MMaS_2014_U16"]
[Site "?"]
[Date "2014.10.28"]
[Round "8.7"]
[White "Husek, Martin"]
[Black "Sedlak, Jiri"]
[Result "1/2-1/2"]
[WhiteElo "1883"]
[BlackElo "1703"]
[PlyCount "162"]
[EventDate "2014.10.25"]

1. e4 e5 2. Nf3 Nc6 3. Bb5 a6 4. Ba4 Nf6 5. O-O Be7 6. Re1 b5 7. Bb3 O-O 8. h3
d6 9. c3 Na5 10. Bc2 c5 11. d4 Qc7 12. Nbd2 cxd4 13. cxd4 Bb7 14. d5 Nd7 15.
Nf1 Rac8 16. Re2 Nb6 17. Ne3 g6 18. Ng4 f5 19. exf5 gxf5 20. Bxf5 Bxd5 21. Bxc8
Qxc8 22. Bh6 Rxf3 23. gxf3 Bxf3 24. Qf1 Nd5 25. Rc1 Qf5 26. Rec2 Nc4 27. b3
Ncb6 28. Be3 Bg5 29. Bxb6 Bxc1 30. Rxc1 Qg5 31. Kh2 Nxb6 32. Qg1 Kf7 33. Ne3
Qf6 34. Rc7+ Kf8 35. Qg3 h5 36. h4 Be4 37. Kg1 d5 38. Qg5 Qxg5+ 39. hxg5 d4 40.
Nf1 a5 41. Nd2 Bd3 42. Nf3 Be2 43. Nd2 a4 44. Rb7 Nd5 45. f3 Nf4 46. Kf2 axb3
47. axb3 Bd3 48. Kg3 Ne2+ 49. Kh4 Nf4 50. g6 Nxg6+ 51. Kxh5 Ne7 52. Kg5 Kf7 53.
Rb6 Nd5 54. Rd6 Nf4 55. Rb6 Ke7 56. Rh6 Kf7 57. Ne4 Bxe4 58. fxe4 d3 59. Kf5
Ke7 60. Kxe5 d2 61. Rh2 Ke8 62. Rh1 Nd3+ 63. Ke6 Nc5+ 64. Kd5 Nxb3 65. Kc6 b4
66. Kb5 Nd4+ 67. Kxb4 Ke7 68. Rd1 Nf3 69. Kc4 Ke6 70. Kd3 Ke5 71. Ke3 Ng5 72.
Rxd2 Nxe4 73. Ra2 Nd6 74. Ra5+ Ke6 75. Kd4 Nf5+ 76. Ke4 Nd6+ 77. Kf4 Nc4 78.
Rb5 Nd6 79. Rc5 Nf7 80. Ke4 Nd6+ 81. Kd4 Nf5+ 1/2-1/2

[Event "MMaS_2014_U16"]
[Site "?"]
[Date "2014.10.28"]
[Round "8.8"]
[White "Sikora, Matous"]
[Black "Prochazka, Ludvik"]
[Result "1/2-1/2"]
[WhiteElo "1665"]
[BlackElo "1798"]
[PlyCount "66"]
[EventDate "2014.10.25"]

1. e4 c5 2. Nf3 d6 3. Bb5+ Nd7 4. c3 Ngf6 5. Qe2 a6 6. Bxd7+ Bxd7 7. d4 cxd4 8.
cxd4 Rc8 9. Nc3 Bg4 10. O-O e6 11. h3 Bh5 12. Rd1 Be7 13. Bf4 d5 14. e5 Nd7 15.
Rdc1 O-O 16. g4 Bg6 17. Bg3 b5 18. Ne1 Qb6 19. Qd2 Rc4 20. Ne2 Bb4 21. Qd1 Rfc8
22. Nd3 Bxd3 23. Qxd3 Ba5 24. Bf4 Rxc1+ 25. Rxc1 Rxc1+ 26. Bxc1 Qc6 27. Bd2 Qc7
28. Kg2 Nb8 29. Bxa5 Qxa5 30. Qc2 Qd8 31. Qc5 g6 32. Nf4 Kg7 33. Nd3 Nd7
1/2-1/2

[Event "MMaS_2014_U16"]
[Site "?"]
[Date "2014.10.28"]
[Round "8.9"]
[White "Rakušan, Miroslav"]
[Black "Kubošová, Jana"]
[Result "1/2-1/2"]
[WhiteElo "1772"]
[BlackElo "1640"]
[PlyCount "58"]
[EventDate "2014.10.25"]

1. e4 c5 2. c3 d5 3. exd5 Qxd5 4. d4 Nc6 5. Nf3 Bg4 6. Be2 cxd4 7. cxd4 Nf6 8.
O-O e6 9. Nc3 Qd8 10. Be3 Be7 11. a3 O-O 12. h3 Bh5 13. g4 Bg6 14. Nh4 Nd5 15.
Nxg6 hxg6 16. Nxd5 Qxd5 17. Bf3 Qd7 18. d5 exd5 19. Qxd5 Qxd5 20. Bxd5 Bf6 21.
Rab1 Rfd8 22. Rfd1 Rac8 23. b4 b6 24. g5 Be5 25. f4 Bd4 26. Bxd4 Rxd5 27. Be3
Rcd8 28. Rxd5 Rxd5 29. Rb3 Nd4 1/2-1/2